<?xml version="1.0" encoding="UTF-8"?>
<record
    xmlns:xsi="http://www.w3.org/2001/XMLSchema-instance"
    xsi:schemaLocation="http://www.loc.gov/MARC21/slim http://www.loc.gov/standards/marcxml/schema/MARC21slim.xsd"
    xmlns="http://www.loc.gov/MARC21/slim">

  <leader>00541nam a22001817a 4500</leader>
  <datafield tag="999" ind1=" " ind2=" ">
    <subfield code="c">172811</subfield>
    <subfield code="d">172811</subfield>
  </datafield>
  <controlfield tag="005">20200213121051.0</controlfield>
  <datafield tag="010" ind1=" " ind2=" ">
    <subfield code="a">A-374682</subfield>
  </datafield>
  <datafield tag="020" ind1=" " ind2=" ">
    <subfield code="c">40.00</subfield>
  </datafield>
  <datafield tag="035" ind1=" " ind2=" ">
    <subfield code="a">A-374682</subfield>
  </datafield>
  <datafield tag="037" ind1=" " ind2=" ">
    <subfield code="b">BPPD/Pub.</subfield>
  </datafield>
  <datafield tag="082" ind1=" " ind2=" ">
    <subfield code="a">270</subfield>
  </datafield>
  <datafield tag="100" ind1=" " ind2=" ">
    <subfield code="a">&#x627;&#x6CC;&#x645; &#x634;&#x641;&#x6CC;&#x642; &#x627;&#x646;&#x635;&#x627;&#x631;&#x6CC;</subfield>
  </datafield>
  <datafield tag="245" ind1=" " ind2=" ">
    <subfield code="a">&#x645;&#x633;&#x6CC;&#x645; &#x67E;&#x631;&#x633;&#x646;&#x644; &#x644;&#x627; /</subfield>
    <subfield code="c">&#x627;&#x6CC;&#x645; &#x634;&#x641;&#x6CC;&#x642; &#x627;&#x646;&#x635;&#x627;&#x631;&#x6CC;</subfield>
  </datafield>
  <datafield tag="246" ind1=" " ind2=" ">
    <subfield code="a">Muslim Personal Law (Urdu) /</subfield>
    <subfield code="b">by M. Shafiq Ansari</subfield>
  </datafield>
  <datafield tag="260" ind1=" " ind2=" ">
    <subfield code="a">Muradabad (U.P.)</subfield>
    <subfield code="b">Iram Publications</subfield>
    <subfield code="c">1986 &#x621;</subfield>
  </datafield>
  <datafield tag="300" ind1=" " ind2=" ">
    <subfield code="a">220p.</subfield>
    <subfield code="c">20cm(Hb)</subfield>
  </datafield>
  <datafield tag="942" ind1=" " ind2=" ">
    <subfield code="2">ddc</subfield>
    <subfield code="c">UR</subfield>
    <subfield code="h">270</subfield>
    <subfield code="m">&#x627; &#x646; &#x635;</subfield>
  </datafield>
  <datafield tag="952" ind1=" " ind2=" ">
    <subfield code="0">0</subfield>
    <subfield code="1">0</subfield>
    <subfield code="4">0</subfield>
    <subfield code="7">0</subfield>
    <subfield code="8">NFIC</subfield>
    <subfield code="a">L</subfield>
    <subfield code="b">L</subfield>
    <subfield code="d">2020-02-13</subfield>
    <subfield code="e">BPPD/Ven.</subfield>
    <subfield code="g">40.00</subfield>
    <subfield code="l">0</subfield>
    <subfield code="o">270 &#x627; &#x646; &#x635;</subfield>
    <subfield code="p">A-374682</subfield>
    <subfield code="r">2020-02-13 00:00:00</subfield>
    <subfield code="t">1</subfield>
    <subfield code="v">40.00</subfield>
    <subfield code="w">2020-02-13</subfield>
    <subfield code="y">UR</subfield>
  </datafield>
</record>
